The Connoisseur (Record no. 5721)

MARC details
000 -CABECERA
campo de control de longitud fija 01098nam a2200277 a 4500
001 - NÚMERO DE CONTROL
campo de control BRCA_6033
005 - FECHA Y HORA DE LA ÚLTIMA TRANSACCIÓN
campo de control 20190320205315.0
008 - DATOS DE LONGITUD FIJA--INFORMACIÓN GENERAL
campo de control de longitud fija 280411s1955----enka######---#000-0#eng-#
041 ## - CÓDIGO DE LENGUA
Código de lengua del texto/banda sonora o título independiente eng
044 ## - CÓDIGO DEL PAÍS DE LA ENTIDAD EDITORA/PRODUCTORA
Código MARC del país enk
050 #4 - SIGNATURA TOPOGRÁFICA DE LA BIBLIOTECA DEL CONGRESO
Número de clasificación N1
Número de documento/Ítem .C75d 1955
245 10 - MENCIÓN DE TÍTULO
Título The Connoisseur
Resto del título with which is incorporated international studio
Mención de responsabilidad, etc. edited by L.G.G. Ramsey ; american editor Helen Comstock.
260 ## - PUBLICACIÓN, DISTRIBUCIÓN, ETC.
Lugar de publicación, distribución, etc. Londres
Nombre del editor, distribuidor, etc. National Magazine Company
Fecha de publicación, distribución, etc. 1955
300 ## - DESCRIPCIÓN FÍSICA
Extensión lxx, p. 233-310
Otras características físicas il. (algunas a color), láminas
Dimensiones 31 cm.
500 ## - NOTA GENERAL
Nota general Vol. CXXXVI, Núm. 550 diciembre, 1955
500 ## - NOTA GENERAL
Nota general Incluye el artículo: Talavera de Puebla Pottery in the collection of Mr. Franz Mayer, por Yvonne Hackenbroch, p. 286-287
500 ## - NOTA GENERAL
Nota general Estado físico: lomo parcialmente desprendido
500 ## - NOTA GENERAL
Nota general Revista inventariada por Banco de México como libro
500 ## - NOTA GENERAL
Nota general A121a
650 14 - PUNTO DE ACCESO ADICIONAL DE MATERIA--TÉRMINO DE MATERIA
Término de materia o nombre geográfico como elemento de entrada Arte
Subdivisión general Publicaciones periódicas
9 (RLIN) 15226
650 14 - PUNTO DE ACCESO ADICIONAL DE MATERIA--TÉRMINO DE MATERIA
Término de materia o nombre geográfico como elemento de entrada Colecciones y coleccionistas
Subdivisión general Publicaciones periódicas
9 (RLIN) 15227
700 1# - PUNTO DE ACCESO ADICIONAL--NOMBRE DE PERSONA
Nombre de persona Ramsey, L.G.G.
9 (RLIN) 13314
700 1# - PUNTO DE ACCESO ADICIONAL--NOMBRE DE PERSONA
Nombre de persona Comstock, Helen
9 (RLIN) 15228
902 ## - CATALOGADOR
Iniciales GFM
942 ## - ELEMENTOS DE PUNTO DE ACCESO ADICIONAL (KOHA)
Fuente del sistema de clasificación o colocación Library of Congress Classification
Tipo de ítem Koha Libros
Holdings
Estado de retiro Estado de pérdida Estado dañado No para préstamo Localización permanente Ubicación/localización actual Fecha de adquisición Número de inventario Total de préstamos Signatura topográfica completa Código de barras Fecha visto por última vez Precio válido a partir de Tipo de ítem Koha
El ejemplar forma parte de la colección y puede ser consultado según las políticas vigentes.       Biblioteca del Museo Franz Mayer (Rogerio Casas-Alatriste) Biblioteca del Museo Franz Mayer (Rogerio Casas-Alatriste) 28/04/2011 A121a   N1 .C75d 1955 (A121a) 6472 22/03/2019 22/03/2019 Libros